000 00544nam a22001817a 4500
005 20241216122211.0
010 _aENG-143112
020 _c250.00
_a9788190327206
035 _aEN-126644
037 _bDBAD
082 _a954.52
245 _aAgrarian Bengal Under the Raj/
_cEdited by Chittabrata Palit
260 _aIndia
_bArchana Das & Subrata Das
270 _a12/A, Shankar Ghosh Lane, Kol-6
_bIndia
300 _a168p.
_c22cm(hb]
700 _aPalit, Chittabrata
_eEditor
_975198
942 _2ddc
_cEN
_mAGR
_h954.52
999 _c207716
_d207716